| 000 | 00423nam a2200169Ia 4500 | ||
|---|---|---|---|
| 008 | 230516s9999 xx 000 0 und d | ||
| 041 | _aeng | ||
| 082 |
_a543.8 _bWIL/MER |
||
| 100 | _aWILLARD MERRITT | ||
| 245 | _aINSTRUMENTAL METHODS OF ANALYSIS | ||
| 260 |
_aDELHI _bC.B.S. PUBLISHERS & DISTRUTORS _c1986 |
||
| 300 | _a1032 | ||
| 365 | _h15% | ||
| 500 | _aPB | ||
| 520 | _aPA | ||
| 650 | _aPHARMACEUTICAL ANALYSIS | ||
| 999 |
_c362567 _d362567 |
||